| 000 | 00000nam 2200000zi 4500 |
| 001 | 9.867700 |
| 003 | CaOODSP |
| 005 | 20221107162401 |
| 006 | m o d f |
| 007 | cr ||||||||||| |
| 008 | 190129s2019 oncdb ob f000 0 fre d |
| 040 | |aCaOODSP|bfre|erda|cCaOODSP |
| 043 | |an-cn-qu |
| 086 | 1 |aFs70-5/2018-056F-PDF |
| 100 | 1 |aBourdages, Hugo, |eauteur. |
| 245 | 10|aÉvaluation des stocks de crevette nordique de l'estuaire et du golfe du Saint-Laurent en 2017 : |bdonnées de la pêche commerciale / |cHugo Bourdages et Marie-Claude Marquis. |
| 264 | 1|aOttawa : |bPêches et océans Canada, Secrétariat canadien de consultation scientifique, |c2019. |
| 264 | 4|a©2019 |
| 300 | |a1 ressource en ligne (iv, 100 pages) : |bcartes (certaines en couleur), illustrations (certaines en couleur) |
| 336 | |atexte|btxt|2rdacontent/fre |
| 337 | |ainformatique|bc|2rdamedia/fre |
| 338 | |aressource en ligne|bcr|2rdacarrier/fre |
| 490 | 1 |aDocument de recherché, |x2292-4272 ; |v2018/056 |
| 500 | |aPubl. aussi en anglais sous le titre : Assessment of northern shrimp stocks in the Estuary and Gulf of St. Lawrence in 2017: commercial fishery data. |
| 500 | |aTitre de la couv. |
| 500 | |a« Région du Québec. » |
| 500 | |a« Janvier 2019. » |
| 504 | |aComprend des références bibliographiques (p. 8). |
| 520 | 3 |a« L’état des stocks de crevette nordique (Pandalus borealis) de l’estuaire et du golfe du Saint-Laurent est déterminé chaque année par l’examen d’un indicateur principal provenant de la pêche commerciale et du relevé de recherche. Ce document présente les données et méthodes utilisées pour produire les statistiques de la pêche commerciale (captures, effort, taux de capture, nombres à la longueur, prises accessoires) de 1982 à 2017 pour chacune des quatre zones de pêche » -- Résumé, p. iv. |
| 693 | 4|aCrevette nordique |
| 693 | 4|aRessources halieutiques |
| 693 | 4|aÉvaluation |
| 700 | 1 |aMarquis, Marie-Claude, |eauteur. |
| 710 | 1 |aCanada. |bMinistère des pêches et des océans. |bRégion du Québec. |
| 710 | 2 |aSecrétariat canadien de consultation scientifique. |
| 775 | 08|tAssessment of northern shrimp stocks in the Estuary and Gulf of St. Lawrence in 2017 : |w(CaOODSP)9.867690 |
| 830 | #0|aDocument de recherche (Secrétariat canadien de consultation scientifique)|x2292-4272 ; |v2018/056.|w(CaOODSP)9.503788 |
| 856 | 40|qPDF|s14.99 Mo|uhttps://publications.gc.ca/collections/collection_2019/mpo-dfo/fs70-5/Fs70-5-2018-056-fra.pdf |